000 01003cad a22002175a 4500
001 E150553
008 100626s2010 xxk f s000 0 eng d
020 _a9780755994892
035 _a(Sirsi) u150553
041 0 _aeng
100 2 _aRobertson, Lucy
245 0 0 _aEviction of tenants in the social rented sector
_bprotection of tenants with rent arrears, an analysis of consultation responses
_h[electronic resource]
260 _aEdinburgh
_bScottish Government
_c2010
520 _aAnalyses responses to the Scottish Government's consultation paper of March 2010, which sought views on methods of strengthening protections for tenants in the social rented sector facing eviction for rent arrears
521 _aAdvanced
590 _aKA
651 4 _aScotland
_y1999-
690 _aPROPERTY-RESIDENTIAL PROPERTY-RESIDENTIAL LANDLORD AND TENANT
856 4 0 _uhttps://www.scotland.gov.uk/Publications/2010/07/16125553/0
_zView the consultation free of charge at www.scotland.gov.uk
942 _n0
999 _c110905
_d110905